00669ntaaa2200205 45000030003000000050017000030080021000200200015000410400037000560820018000931000023001112450050001342500010001842600046001943000028002405000061002686500057003296500056003867000021004420120251027201357.00714s1973 ag 01  a082670137X aAR-BaBNbspacAR-BaBNeaacrdRIC a225.5077 N46t aNewman, Barclay M  aA translator's handbook on the gospel of John a1 ed. aLondon : bUnited Bible Societies, c1980 aviii, 681 p. ; c24 cm. aBibliografía: p. 663-665 Contiene glosario e índice. aBiblia. N.T. Juan. Inglés. Today´s English. 1980. aBiblia. N.T. Juan. Inglés. Revised Standard. 1980 aNida, Eugene A.